000 00606nam a22001937a 4500
005 20230213074952.0
008 230213b |||||||| |||| 00| 0 eng d
020 _a978-1-107-18190-8
082 _a820.9008 N714 2019
100 _aFielding, Penny
_eeditor
245 _aNineteenth-century literature in transition:
_bthe 1880s /
_cedited by Penny Fielding, Andrew Taylor
260 _aCambridge, UK:
_bCambridge University Press,
_cc2019
300 _axi, 249p.
504 _aIncludes index
541 _e6688
650 _aEnglish literature
650 _aLiterature
700 _aTaylor, Andrew
_eeditor
999 _c1058
_d1058